| 000 | 01009nam a2200289 i 4500 | ||
|---|---|---|---|
| 001 | 000026554 | ||
| 003 | DO-SdBNP | ||
| 005 | 20241105123551.0 | ||
| 007 | ta | ||
| 008 | 110323s1995 dr 000 0 spa d | ||
| 040 |
_aDO-SdBNP _bspa _cBNPHU _erda |
||
| 082 |
_aRD865.1 _bS211s _222 |
||
| 100 | 1 |
_aSánchez Valverde, Antonio _eautor _96352 |
|
| 245 | 1 | 0 |
_aSermones panegíricos y de misterios / _cAntonio Sánchez Valverde ; notas adicionales de José Luis Sáez. |
| 264 |
_aSanto Domingo : _bFundación Corripio, _c1995. |
||
| 300 |
_a313 páginas ; _c24 cm. |
||
| 336 |
_ardacontent _btexto _2txt |
||
| 337 |
_ardamedia _bsin mediación _2n |
||
| 338 |
_ardacarrier _bvolumen _2nc |
||
| 490 | 1 |
_aBiblioteca de clásicos dominicanos _v22 |
|
| 500 | _aIncluye referencias biobliográficas y notas al pie de las páginas | ||
| 590 | _aInventariado, 2020 /LP | ||
| 700 | 1 |
_aSáez , José Luis _d1937- _9620 |
|
| 830 | 0 |
_aBiblioteca del clásicos dominicanos _v22 _953656 |
|
| 910 | _aLP | ||
| 942 |
_2ddc _cLBS1 |
||
| 999 |
_c26046 _d26046 |
||